[Event "Sautron op 15th"]
[Site "Sautron"]
[Date "2015.10.23"]
[Round "7.13"]
[White "Hutois, Mickael"]
[Black "Picard, Remi"]
[Result "1-0"]
[WhiteElo "2263"]
[BlackElo "2084"]
[PlyCount "81"]
[EventDate "2015.10.24"]
[EventType "swiss"]
[EventRounds "9"]
[EventCountry "FRA"]
[SourceTitle "EXT 2019"]
[Source "ChessBase"]
[SourceDate "2018.10.10"]
[SourceVersion "1"]
[SourceVersionDate "2018.10.10"]
[SourceQuality "1"]

1. Nf3 Nf6 2. g3 g6 3. Bg2 Bg7 4. 0-0 0-0 5. d3 d6 6. c4 e5 7. Nc3 Nc6 8. a3 h6 9. Rb1 Ne8 10. e4 Bg4 11. Ne2 Qd7 12. b4 Bh3 13. b5 Nd8 14. d4 Bxg2 15. Kxg2 exd4 16. Nexd4 Ne6 17. Nb3 Nf6 18. Re1 Rfe8 19. a4 a6 20. Qc2 axb5 21. axb5 c6 22. b6 Qd8 23. Bb2 Qxb6 24. e5 dxe5 25. Bxe5 c5 26. Red1 Qc6 27. Rd6 Qe4 28. Qb2 Nh5 29. Rxe6 fxe6 30. Bxg7 Nxg7 31. Nxc5 Qxc4 32. Nd7 Nh5 33. Nb6 Qg4 34. Ne5 Qe4+ 35. f3 Qe3 36. Ng4 Qd3 37. Nxa8 Rxa8 38. Qxb7 Ra2+ 39. Kh3 Qf5 40. Rb5 e5 41. Qd5+ 1-0

[Event "Sautron op 15th"]
[Site "Sautron"]
[Date "2015.10.23"]
[Round "4.16"]
[White "Picard, Remi"]
[Black "Delorme, Alban"]
[Result "0-1"]
[WhiteElo "2084"]
[BlackElo "2303"]
[PlyCount "52"]
[EventDate "2015.10.24"]
[EventType "swiss"]
[EventRounds "9"]
[EventCountry "FRA"]
[SourceTitle "EXT 2019"]
[Source "ChessBase"]
[SourceDate "2018.10.10"]
[SourceVersion "1"]
[SourceVersionDate "2018.10.10"]
[SourceQuality "1"]

1. e4 c5 2. Nf3 Nc6 3. d4 cxd4 4. Nxd4 Nf6 5. Nc3 d6 6. Be2 Nxd4 7. Qxd4 g6 8. Bg5 Bg7 9. f3 0-0 10. Qd2 Be6 11. Bh6 Bxh6 12. Qxh6 Qa5 13. h4 Rac8 14. g4 Bxg4 15. fxg4 Rxc3 16. 0-0-0 Qxa2 17. Bd3 Rxd3 18. cxd3 Rc8+ 19. Kd2 Qxb2+ 20. Ke1 Qg2 21. Rf1 Rc2 22. Qe3 Qxg4 23. Rf4 Qg2 24. d4 Qh1+ 25. Rf1 Qxh4+ 26. Rf2 Nxe4 0-1

[Event "Sautron op 15th"]
[Site "Sautron"]
[Date "2015.10.23"]
[Round "6.21"]
[White "Picard, Remi"]
[Black "Lubineau, Mathis"]
[Result "1-0"]
[WhiteElo "2084"]
[BlackElo "1800"]
[PlyCount "59"]
[EventDate "2015.10.24"]
[EventType "swiss"]
[EventRounds "9"]
[EventCountry "FRA"]
[SourceTitle "EXT 2019"]
[Source "ChessBase"]
[SourceDate "2018.10.10"]
[SourceVersion "1"]
[SourceVersionDate "2018.10.10"]
[SourceQuality "1"]

1. e4 c5 2. c3 g6 3. d4 cxd4 4. cxd4 d5 5. e5 Bg7 6. Nc3 Nc6 7. Be3 Nh6 8. Qb3 Nf5 9. Nf3 e6 10. Bd3 0-0 11. Bxf5 gxf5 12. 0-0 b6 13. Rfe1 Bb7 14. Ne2 Rc8 15. Bg5 Qd7 16. Nf4 Na5 17. Qd3 h6 18. Bh4 Qa4 19. Nh5 Qc2 20. Qa3 Rc7 21. Nxg7 Kxg7 22. Bf6+ Kg8 23. Qe3 f4 24. Qxf4 Qh7 25. Nh4 Rfc8 26. h3 Nc4 27. Rad1 Nxb2 28. Qg3+ Kf8 29. Qa3+ Kg8 30. Qxb2 1-0

[Event "Angers op 10th"]
[Site "Angers"]
[Date "2015.04.24"]
[Round "2"]
[White "Letonnelier, Jean Pierre"]
[Black "Picard, Remi"]
[Result "0-1"]
[WhiteElo "1801"]
[BlackElo "2102"]
[PlyCount "54"]
[EventDate "2015.04.24"]
[EventType "swiss"]
[EventRounds "6"]
[EventCountry "FRA"]
[SourceTitle "CBM 166 Extra"]
[Source "ChessBase"]
[SourceDate "2015.06.18"]
[SourceVersion "1"]
[SourceVersionDate "2015.06.18"]
[SourceQuality "1"]

1. e4 c5 2. Nc3 e6 3. Bc4 Nc6 4. f4 d6 5. Nf3 Nf6 6. d3 g6 7. 0-0 Bg7 8. Qe1 0-0 9. Qh4 d5 10. Bb3 c4 11. dxc4 dxe4 12. Ng5 Qd4+ 13. Qf2 Ng4 14. Qxd4 Bxd4+ 15. Kh1 Nf2+ 16. Rxf2 Bxf2 17. Ncxe4 Bd4 18. c3 Bg7 19. c5 h6 20. Nf3 b6 21. Be3 Na5 22. cxb6 axb6 23. Rd1 Bb7 24. Bc2 Nc4 25. Bc1 Bxe4 26. Bxe4 Rxa2 27. b3 Nb2 0-1

[Event "Nantes op 13th"]
[Site "Nantes"]
[Date "2014.12.29"]
[Round "4"]
[White "Genereau, Thierry"]
[Black "Picard, Remi"]
[Result "0-1"]
[WhiteElo "1874"]
[BlackElo "2091"]
[PlyCount "78"]
[EventDate "2014.12.27"]
[EventType "swiss"]
[EventRounds "7"]
[EventCountry "FRA"]
[SourceTitle "EXT 2016"]
[Source "ChessBase"]
[SourceDate "2015.10.08"]
[SourceVersion "1"]
[SourceVersionDate "2015.10.08"]
[SourceQuality "1"]

1. c4 e5 2. g3 Nf6 3. Bg2 Nc6 4. Nc3 Bb4 5. Nd5 Bc5 6. e3 0-0 7. Ne2 Nxd5 8. cxd5 Ne7 9. 0-0 c6 10. Nc3 d6 11. Qb3 a6 12. a4 Kh8 13. a5 f5 14. f4 e4 15. d4 exd3 16. Bd2 Qe8 17. dxc6 bxc6 18. Na4 Ba7 19. Qxd3 d5 20. Nb6 Rb8 21. Qd4 Ng8 22. Bb4 Rf6 23. Bc5 Re6 24. g4 fxg4 25. f5 Rh6 26. Qxg4 Nf6 27. Qe2 Qe5 28. Ra4 Qxh2+ 29. Kf2 Qe5 30. Rf4 Bxf5 31. Bd4 Qe6 32. Qxa6 Bxb6 33. axb6 Ng4+ 34. Rxg4 Bxg4 35. Bxg7+ Kxg7 36. Qa7+ Qf7+ 37. Kg1 Qxa7 38. bxa7 Ra8 39. Ra1 Re6 0-1

[Event "Sautron op 14th"]
[Site "Sautron"]
[Date "2014.10.25"]
[Round "1"]
[White "Dumitrache, Dragos Nicolae"]
[Black "Picard, Remi"]
[Result "1-0"]
[WhiteElo "2413"]
[BlackElo "2092"]
[PlyCount "95"]
[EventDate "2014.10.26"]
[EventType "swiss"]
[EventRounds "9"]
[EventCountry "FRA"]
[SourceTitle "EXT 2015"]
[Source "ChessBase"]
[SourceDate "2014.11.20"]
[SourceVersion "1"]
[SourceVersionDate "2014.11.20"]
[SourceQuality "1"]

1. d4 Nf6 2. c4 g6 3. Nc3 Bg7 4. e4 d6 5. Be2 0-0 6. Nf3 e5 7. 0-0 Na6 8. Qc2 exd4 9. Nxd4 Re8 10. Rd1 Nc5 11. f3 c6 12. Be3 Qe7 13. b4 Ne6 14. Nb3 Nh5 15. Qd2 Nef4 16. Bf1 Be5 17. Rac1 Qh4 18. Qf2 Ne2+ 19. Bxe2 Bxh2+ 20. Kf1 Bg3 21. Qg1 Bh2 22. Bf2 Qf4 23. Qh1 Bd7 24. Bd3 Bg3 25. Ne2 Qg5 26. Nxg3 Nxg3+ 27. Bxg3 Qxg3 28. Nd4 Re5 29. Ne2 Qg5 30. Qg1 Qh6 31. Bb1 Rh5 32. Ng3 Rg5 33. Qh1 Qg7 34. Qh4 h6 35. Ne2 Rh5 36. Qf4 d5 37. Kf2 Qb2 38. cxd5 cxd5 39. Rc7 Be6 40. exd5 Rxd5 41. Rxd5 Bxd5 42. Qd4 Qxd4+ 43. Nxd4 Rd8 44. Ke3 Re8+ 45. Kd2 Rd8 46. Kc3 h5 47. a4 h4 48. Be4 1-0

[Event "Nantes op 12th"]
[Site "Nantes "]
[Date "2013.12.28"]
[Round "2"]
[White "Picard, Remi"]
[Black "Collinet, Nicolas"]
[Result "1/2-1/2"]
[WhiteElo "2057"]
[BlackElo "1669"]
[PlyCount "154"]
[EventDate "2013.12.27"]
[EventType "swiss"]
[EventRounds "7"]
[EventCountry "FRA"]
[SourceTitle "CBM 158 Extra"]
[Source "ChessBase"]
[SourceDate "2014.02.28"]
[SourceVersion "1"]
[SourceVersionDate "2014.02.28"]
[SourceQuality "1"]

1. e4 e5 2. Nf3 Nc6 3. Bb5 a6 4. Ba4 Nf6 5. d3 b5 6. Bb3 Be7 7. 0-0 0-0 8. Re1 d6 9. c3 Bg4 10. h3 Bxf3 11. Qxf3 Na5 12. Bc2 c5 13. Nd2 Nc6 14. Nf1 Ne8 15. a4 b4 16. Bb3 bxc3 17. bxc3 Bg5 18. Bxg5 Qxg5 19. Bd5 Rc8 20. Rab1 Qd8 21. Ne3 Nf6 22. Bc4 Ra8 23. Re2 Qc7 24. Reb2 Rfb8 25. Nf5 Rxb2 26. Rxb2 Na5 27. Ba2 Ne8 28. Bd5 Rc8 29. Qg4 Kf8 30. Qh5 Nf6 31. Qg5 Ne8 32. Rb6 g6 33. Qh6+ Kg8 34. Qg5 Kh8 35. Nh6 f6 36. Qh4 Qxb6 37. Nf7+ Kg8 38. Nxd6+ Kh8 39. Nxc8 Qc7 40. Qg4 f5 41. exf5 Qxc8 42. Be6 Qd8 43. fxg6 hxg6 44. Qxg6 Nf6 45. Qh6+ Nh7 46. Bf5 Qe7 47. Bxh7 Qxh7 48. Qf6+ Kg8 49. Qd8+ Kg7 50. Qxa5 Qxd3 51. Qc7+ Kf6 52. Qxc5 Qd1+ 53. Kh2 Qxa4 54. Qd6+ Kf5 55. g4+ Kg5 56. Qxe5+ Kg6 57. Qf5+ Kg7 58. Qe5+ Kg6 59. Kg3 Qc4 60. Qe3 Qc7+ 61. f4 Qa5 62. h4 Qa1 63. h5+ Kg7 64. Qe5+ Kf7 65. Kh4 a5 66. Kg5 Qa4 67. Qf6+ Kg8 68. h6 Qd7 69. f5 Kh7 70. Qg6+ Kh8 71. Qe6 Qc7 72. Qf6+ Kh7 73. Qg6+ Kh8 74. Qe8+ Kh7 75. Qh5 Qb7 76. Qg6+ Kh8 77. Qf6+ Kh7 1/2-1/2

[Event "Sautron op 13th"]
[Site "Sautron"]
[Date "2013.10.??"]
[Round "8"]
[White "Jubin, Thierry"]
[Black "Picard, Remi"]
[Result "0-1"]
[WhiteElo "1719"]
[BlackElo "2050"]
[PlyCount "74"]
[EventDate "2013.10.26"]
[EventType "swiss"]
[EventRounds "9"]
[EventCountry "FRA"]
[SourceTitle "EXT 2016"]
[Source "ChessBase"]
[SourceDate "2015.10.08"]
[SourceVersion "1"]
[SourceVersionDate "2015.10.08"]
[SourceQuality "1"]

1. d4 Nf6 2. c4 g6 3. Nc3 Bg7 4. e4 d6 5. Nf3 0-0 6. Be2 e5 7. 0-0 Na6 8. Be3 Ng4 9. Bg5 Qe8 10. h3 h6 11. Bc1 exd4 12. Nxd4 Nf6 13. f3 Nh5 14. Be3 f5 15. Qd2 f4 16. Bf2 Qe7 17. Nd5 Qg5 18. Kh2 Ng3 19. Rfe1 Be5 20. Bd3 c6 21. Nc3 Nc5 22. Bc2 Qh4 23. b4 Ne6 24. Nxe6 Bxe6 25. Bb3 Qf6 26. Rac1 Rad8 27. Qc2 Kh8 28. Bxa7 g5 29. Ne2 g4 30. Ng1 c5 31. bxc5 Bd4 32. Bb6 Rc8 33. Rcd1 dxc5 34. Ba5 Rg8 35. Rd3 Rg5 36. Red1 Rh5 37. Ne2 gxh3 0-1

[Event "Rohde op 12th"]
[Site "Sautron"]
[Date "2012.11.??"]
[Round "9"]
[White "Picard, Remi"]
[Black "Gayon, Benoit"]
[Result "0-1"]
[WhiteElo "2114"]
[BlackElo "1974"]
[PlyCount "136"]
[EventDate "2012.10.27"]
[EventType "swiss"]
[EventRounds "9"]
[EventCountry "FRA"]
[SourceTitle "EXT 2014"]
[Source "ChessBase"]
[SourceDate "2013.11.20"]
[SourceVersion "1"]
[SourceVersionDate "2013.11.20"]
[SourceQuality "1"]

1. e4 g6 2. d4 Bg7 3. Nc3 d6 4. g3 Nf6 5. Bg2 0-0 6. Nge2 c5 7. h3 a6 8. 0-0 Qc7 9. Be3 cxd4 10. Nxd4 Nc6 11. Qd2 Bd7 12. g4 Ne5 13. b3 Rac8 14. Nce2 b5 15. Rac1 Nc6 16. c4 Nxd4 17. Nxd4 Qb8 18. cxb5 axb5 19. Qb4 e5 20. Ne2 Bc6 21. Rfd1 Rfd8 22. Bg5 h6 23. Bxf6 Bxf6 24. Rd3 Be7 25. Qe1 Qa8 26. Rdc3 Bd7 27. Rxc8 Rxc8 28. Rxc8+ Qxc8 29. Nc3 Qc5 30. Nd5 Bh4 31. Qd2 Kg7 32. b4 Qc6 33. Bf1 Bg5 34. Qd3 Qa6 35. Nc3 Bh4 36. Qd2 Qb6 37. Nd5 Qc6 38. Nc3 Qb6 39. Bd3 Qd4 40. Nd5 Bc6 41. Qe2 Bxd5 42. exd5 Bxf2+ 43. Kg2 Bh4 44. Bxb5 Qxd5+ 45. Kh2 Qd4 46. Bc4 Qc3 47. Qf1 Bg3+ 48. Kh1 Bf4 49. b5 Qd4 50. Qd3 Qb2 51. Qe2 Qb1+ 52. Kg2 Qb4 53. Kh1 Qc5 54. Qd3 f5 55. gxf5 gxf5 56. Qe2 Kf6 57. Kg2 d5 58. Bb3 e4 59. Qe1 Ke5 60. Qa5 d4 61. Qd8 Bg5 62. Qe8+ Kf4 63. Qb8+ Qe5 64. Qxe5+ Kxe5 65. b6 Bd8 66. b7 Bc7 67. a4 d3 68. a5 e3 0-1

[Event "Sautron op 11th"]
[Site "Sautron"]
[Date "2012.09.02"]
[Round "6"]
[White "Saada, Julien"]
[Black "Picard, Remi"]
[Result "1/2-1/2"]
[WhiteElo "2325"]
[BlackElo "2106"]
[PlyCount "41"]
[EventDate "2012.08.31"]
[EventType "swiss"]
[EventRounds "6"]
[EventCountry "FRA"]
[SourceTitle "EXT 2013"]
[Source "ChessBase"]
[SourceDate "2012.11.22"]
[SourceVersion "1"]
[SourceVersionDate "2012.11.22"]
[SourceQuality "1"]

1. d4 g6 2. e4 d6 3. Nf3 Bg7 4. Be2 Nf6 5. Nc3 0-0 6. 0-0 Bg4 7. Be3 Nbd7 8. Qd2 e5 9. dxe5 dxe5 10. h3 Bxf3 11. Bxf3 c6 12. Rfd1 Qe7 13. Qd6 Qxd6 14. Rxd6 Rfe8 15. Rad1 Nf8 16. g4 h6 17. Be2 Ne6 18. Bc4 Bf8 19. R6d2 Ng5 20. Bxg5 hxg5 21. f3 1/2-1/2

[Event "Angers op 7th"]
[Site "Angers"]
[Date "2012.04.21"]
[Round "3"]
[White "Picard, Remi"]
[Black "Gagnepain, Laurent"]
[Result "1-0"]
[WhiteElo "2090"]
[BlackElo "1829"]
[PlyCount "69"]
[EventDate "2012.04.20"]
[EventType "swiss"]
[EventRounds "6"]
[EventCountry "FRA"]
[SourceTitle "CBM 148 Extra"]
[Source "ChessBase"]
[SourceDate "2012.06.22"]
[SourceVersion "1"]
[SourceVersionDate "2012.06.22"]
[SourceQuality "1"]

1. e4 c6 2. d4 d5 3. Nc3 dxe4 4. Nxe4 Bf5 5. Ng3 Bg6 6. Nf3 Nd7 7. h4 h6 8. h5 Bh7 9. Bd3 Bxd3 10. Qxd3 e6 11. Bf4 Qa5+ 12. Bd2 Qc7 13. 0-0-0 0-0-0 14. c4 c5 15. Bc3 Ngf6 16. Kb1 Bd6 17. Ne4 Nxe4 18. Qxe4 Nf6 19. Qe2 cxd4 20. Bxd4 Bc5 21. Bc3 Rxd1+ 22. Rxd1 Nxh5 23. Ne5 Nf6 24. b4 Qb6 25. Kc2 Bxf2 26. Nxf7 Rf8 27. c5 Bxc5 28. bxc5 Qxc5 29. Qxe6+ Kb8 30. Nd6 Qc6 31. Qe7 Qa4+ 32. Kc1 Nd7 33. Ne4 Qxa2 34. Qd6+ Ka8 35. Qxf8+ 1-0

[Event "Corsica Masters op 15th"]
[Site "Bastia"]
[Date "2011.10.22"]
[Round "1"]
[White "Picard, Remi"]
[Black "Grigoryan, Avetik"]
[Result "0-1"]
[WhiteElo "2054"]
[BlackElo "2614"]
[PlyCount "58"]
[EventDate "2011.10.22"]
[EventType "swiss"]
[EventRounds "9"]
[EventCountry "FRA"]
[SourceTitle "EXT 2012"]
[Source "ChessBase"]
[SourceDate "2011.11.24"]
[SourceVersion "1"]
[SourceVersionDate "2011.11.24"]
[SourceQuality "1"]

1. e4 c5 2. c3 d6 3. d4 Nf6 4. Bd3 g6 5. h3 Bg7 6. Nf3 0-0 7. 0-0 Nfd7 8. Be3 Nc6 9. d5 Nce5 10. Nxe5 Nxe5 11. f4 Nxd3 12. Qxd3 Rb8 13. f5 b5 14. Qd2 b4 15. Bh6 bxc3 16. bxc3 Ba6 17. Bxg7 Kxg7 18. c4 Qb6 19. Qc3+ f6 20. Rf3 Qb2 21. Qxb2 Rxb2 22. Ra3 Bxc4 23. Rxa7 Kf7 24. fxg6+ hxg6 25. Nc3 Rfb8 26. Kh2 Rc2 27. Nd1 Bd3 28. Ra4 Rb4 29. Rxb4 cxb4 0-1

[Event "Rohde op 10th"]
[Site "Sautron"]
[Date "2010.10.29"]
[Round "8"]
[White "Desbois, Etienne"]
[Black "Picard, Remi"]
[Result "0-1"]
[WhiteElo "1649"]
[BlackElo "2081"]
[PlyCount "26"]
[EventDate "2010.10.23"]
[EventType "swiss"]
[EventRounds "9"]
[EventCountry "FRA"]
[SourceTitle "EXT 2012"]
[Source "ChessBase"]
[SourceDate "2011.11.24"]
[SourceVersion "1"]
[SourceVersionDate "2011.11.24"]
[SourceQuality "1"]

1. e4 c5 2. Nf3 Nc6 3. d4 cxd4 4. Nxd4 g6 5. Nc3 Bg7 6. Be3 Nf6 7. f3 0-0 8. Qd2 d5 9. Nxc6 bxc6 10. 0-0-0 Qa5 11. Kb1 Rb8 12. Nxd5 Rxb2+ 13. Kxb2 Nxe4+ 0-1

[Event "Rohde op 10th"]
[Site "Sautron"]
[Date "2010.10.27"]
[Round "6"]
[White "Bernard, Alien"]
[Black "Picard, Remi"]
[Result "1-0"]
[WhiteElo "1810"]
[BlackElo "2081"]
[PlyCount "50"]
[EventDate "2010.10.23"]
[EventType "swiss"]
[EventRounds "9"]
[EventCountry "FRA"]
[SourceTitle "EXT 2012"]
[Source "ChessBase"]
[SourceDate "2011.11.24"]
[SourceVersion "1"]
[SourceVersionDate "2011.11.24"]
[SourceQuality "1"]

1. e4 c5 2. Nc3 Nc6 3. g3 g6 4. Bg2 Bg7 5. d3 e6 6. f4 d6 7. Nf3 Nge7 8. 0-0 0-0 9. Be3 Nd4 10. e5 Nef5 11. Bf2 Nxf3+ 12. Qxf3 Nd4 13. Qd1 dxe5 14. fxe5 Bxe5 15. Ne4 f5 16. Nxc5 Qc7 17. b4 Nc6 18. d4 Rd8 19. c3 Bg7 20. Qb3 Qf7 21. Rfe1 Rd6 22. Rad1 Nd8 23. Be3 Rb8 24. Bf4 Bf8 25. d5 Rb6 1-0

[Event "Rohde op 10th"]
[Site "Sautron"]
[Date "2010.10.25"]
[Round "4"]
[White "Coent, Yann"]
[Black "Picard, Remi"]
[Result "0-1"]
[WhiteElo "1865"]
[BlackElo "2081"]
[PlyCount "46"]
[EventDate "2010.10.23"]
[EventType "swiss"]
[EventRounds "9"]
[EventCountry "FRA"]
[SourceTitle "EXT 2012"]
[Source "ChessBase"]
[SourceDate "2011.11.24"]
[SourceVersion "1"]
[SourceVersionDate "2011.11.24"]
[SourceQuality "1"]

1. e4 e6 2. d4 d5 3. exd5 exd5 4. c4 Bb4+ 5. Nc3 Nf6 6. Nf3 0-0 7. Be2 dxc4 8. Bxc4 Re8+ 9. Ne5 Be6 10. Bxe6 Rxe6 11. 0-0 c5 12. Nf3 cxd4 13. Qxd4 Nc6 14. Qc4 h6 15. Rd1 Qe7 16. Bf4 Re8 17. h3 a6 18. Bg3 Bxc3 19. bxc3 Ne4 20. Bh2 Qa3 21. Rac1 Qb2 22. Bg3 Nxg3 23. fxg3 Re2 0-1

[Event "Rohde op 10th"]
[Site "Sautron"]
[Date "2010.10.23"]
[Round "1"]
[White "Picard, Remi"]
[Black "Pogorelov, Ruslan"]
[Result "0-1"]
[WhiteElo "2081"]
[BlackElo "2447"]
[PlyCount "116"]
[EventDate "2010.10.23"]
[EventType "swiss"]
[EventRounds "9"]
[EventCountry "FRA"]
[SourceTitle "EXT 2012"]
[Source "ChessBase"]
[SourceDate "2011.11.24"]
[SourceVersion "1"]
[SourceVersionDate "2011.11.24"]
[SourceQuality "1"]

1. e4 c5 2. c3 d5 3. exd5 Qxd5 4. d4 Nf6 5. Nf3 e6 6. Na3 Qd8 7. Nc4 Nc6 8. Nce5 Nxe5 9. Nxe5 a6 10. Bg5 Be7 11. dxc5 Qxd1+ 12. Rxd1 Bxc5 13. Ng4 Nd7 14. Be2 f6 15. Be3 Be7 16. f4 Nc5 17. Bf3 Bd7 18. b3 0-0-0 19. Ke2 Kc7 20. Rd2 a5 21. Nf2 a4 22. Nd3 Nxd3 23. Rxd3 Bc6 24. Rhd1 Rxd3 25. Rxd3 axb3 26. axb3 Ra8 27. Bxc6 Kxc6 28. c4 Ra2+ 29. Rd2 Ra3 30. Rd3 h6 31. h4 h5 32. g3 Bd6 33. Bf2 g6 34. Be3 Ra8 35. c5 Bc7 36. b4 Rd8 37. Rxd8 Bxd8 38. Kd3 Kb5 39. Bd2 Bc7 40. Bc3 e5 41. fxe5 Bxe5 42. Be1 f5 43. Ke3 Kc4 44. Kf3 Kd5 45. Ke3 Bb2 46. Bd2 Bg7 47. Be1 Be5 48. Kf3 Kd4 49. Bd2 Kc4 50. Be1 Kd5 51. Bd2 Bg7 52. Be1 Bh6 53. Bc3 Kc4 54. Be1 Bc1 55. Bf2 Bd2 56. Bg1 Bxb4 57. c6 bxc6 58. Kf4 Bd6+ 0-1

[Event "Nantes op 7th"]
[Site "Nantes"]
[Date "2008.??.??"]
[Round "4"]
[White "Picard, Remi"]
[Black "Crouan, Stephane"]
[Result "1/2-1/2"]
[WhiteElo "2025"]
[BlackElo "2183"]
[PlyCount "175"]
[EventDate "2008.12.26"]
[EventType "swiss"]
[EventRounds "9"]
[EventCountry "FRA"]
[SourceTitle "CBM 128 Extra"]
[Source "ChessBase"]
[SourceDate "2009.03.05"]
[SourceVersion "2"]
[SourceVersionDate "2009.03.25"]
[SourceQuality "1"]

1. d4 Nf6 2. c4 g6 3. Nc3 Bg7 4. e4 d6 5. Nge2 0-0 6. Ng3 e5 7. d5 c6 8. h4 a6 9. a4 cxd5 10. cxd5 Nbd7 11. h5 Qa5 12. Bd2 Nc5 13. Rb1 Qb4 14. b3 Qd4 15. f3 Nd3+ 16. Bxd3 Qxd3 17. Qe2 Qxe2+ 18. Kxe2 Bd7 19. h6 Bh8 20. Rhc1 Rfc8 21. Nd1 Ne8 22. Ne3 Rxc1 23. Rxc1 b5 24. a5 Bf6 25. Ngf1 Bd8 26. g4 Kf8 27. Ng3 Nf6 28. g5 Ne8 29. Ng4 Rb8 30. b4 Rc8 31. Rxc8 Bxc8 32. Nh1 f6 33. gxf6 Nxf6 34. Nxf6 Bxf6 35. Nf2 Kf7 36. Ng4 Bh4 37. Nh2 Kf6 38. Ng4+ Bxg4 39. fxg4 Bg5 40. Be1 Bxh6 41. Kf3 Bf4 42. Bh4+ Bg5 43. Be1 Kg7 44. Kg2 Kh6 45. Kh3 Be3 46. Kh4 Bc1 47. Bc3 Bf4 48. Be1 Be3 49. Bc3 Bf2+ 50. Kh3 Kg5 51. Bd2+ Kf6 52. g5+ Kf7 53. Kg4 Ba7 54. Kh3 Bb8 55. Be3 Ke7 56. Bb6 Kd7 57. Kg4 Bc7 58. Be3 Bd8 59. Kh3 Ke8 60. Kg4 Be7 61. Bd2 Kf7 62. Be3 Kg7 63. Bd2 Bf8 64. Be3 Be7 65. Bd2 Bd8 66. Be3 Kf7 67. Bd2 Bc7 68. Be3 Ke7 69. Bf2 Kd7 70. Be3 Kc8 71. Bd2 Bb8 72. Be3 Kb7 73. Bd2 Ba7 74. Kh3 Kc7 75. Kg4 Kd7 76. Kh3 Ke7 77. Kg4 Kf7 78. Kh3 Kg7 79. Kg4 Bd4 80. Kh3 Bg1 81. Kg2 Ba7 82. Kh3 Bd4 83. Kg3 Kf7 84. Kh3 h6 85. gxh6 g5 86. Kg4 Kg6 87. h7 Kxh7 88. Kxg5 1/2-1/2